The ends of performance = Los extremos de rendimiento /
Guardat en:
| Autors principals: | , |
|---|---|
| Format: | Desconegut |
| Idioma: | English |
| Publicat: |
New York :
New York University Press,
1998.
|
| Matèries: | |
| Etiquetes: |
Afegir etiqueta
Sense etiquetes, Sigues el primer a etiquetar aquest registre!
|
MARC
| LEADER | 000000000a22000000004500 | ||
|---|---|---|---|
| 001 | 015188 | ||
| 020 | |a 0814766471 | ||
| 041 | 0 | |a eng | |
| 082 | 0 | 4 | |a 792 |b P538e |
| 100 | 1 | |a Phelan, Peggy | |
| 100 | 1 | |a Lane, Jill, |d 1967- | |
| 245 | 1 | 4 | |a The ends of performance = |b Los extremos de rendimiento / |c Peggy Phelan, Jill Lane. |
| 246 | 3 | 1 | |a Los extremos de rendimiento |
| 260 | 1 | |a New York : |b New York University Press, |c 1998. | |
| 300 | |a 372 páginas | ||
| 650 | 4 | |a TEATRO | |
| 650 | 4 | |a ARTE | |
| 650 | 4 | |a SEMIOTICA | |
| 500 | |a Colección George Yúdice | ||
| 999 | |c 21046 |d 21046 | ||
| 942 | |c BK |h 792 P538e |2 z | ||



